Basic electrical and electronics engineering / (Record no. 51346)

MARC details
000 -LEADER
fixed length control field 01022nam a22002657a 4500
005 - DATE AND TIME OF LATEST TRANSACTION
control field 20110331155012.0
008 - FIXED-LENGTH DATA ELEMENTS--GENERAL INFORMATION
fixed length control field 110331t xxu||||| |||| 00| 0 eng d
010 ## - LCCN (DPL NO)
LC control number ENG-102200
020 ## - INTERNATIONAL STANDARD BOOK NUMBER
Terms of availability 250.00
International Standard Book Number 9788125941927
035 ## - SYSTEM CONTROL NUMBER
System control number EN-85733
037 ## - SOURCE OF ACQUISITION
Source of stock number/acquisition DBAD/PUB
040 ## - CATALOGING SOURCE
Original cataloging agency dpl
Language of cataloging Eng
082 ## - DEWEY DECIMAL CLASSIFICATION NUMBER
Classification number 621.38
100 1# - MAIN ENTRY--PERSONAL NAME
9 (RLIN) 26630
Personal name Bandyyopadhyay, Jyoti Prasad
245 10 - TITLE STATEMENT
Title Basic electrical and electronics engineering /
Statement of responsibility, etc by Jyoti Prasad Bandyopadhyay
260 ## - PUBLICATION, DISTRIBUTION, ETC. (IMPRINT)
Place of publication, distribution, etc Noida
Name of publisher, distributor, etc Vikas Publishing House
Date of publication, distribution, etc 2010
270 ## - ADDRESS
Address A-22, Sector-4
City Noida
Postal code 201301
300 ## - PHYSICAL DESCRIPTION
Extent V.1(xvi,579 p.)
Dimensions 24cm (pbk)
490 ## - SERIES STATEMENT
Series statement Vikas-WBUT students' series
-- 27148
650 #0 - SUBJECT ADDED ENTRY--TOPICAL TERM
9 (RLIN) 26631
700 ## - ADDED ENTRY--PERSONAL NAME
9 (RLIN) 26636
942 ## - ADDED ENTRY ELEMENTS (KOHA)
Source of classification or shelving scheme Dewey Decimal Classification
Item type English Books
Call number suffix BAN
Classification part 621.38
Holdings
Withdrawn status Lost status Source of classification or shelving scheme Damaged status Not for loan Collection code Home library Current library Date acquired Source of acquisition Cost, normal purchase price Total Checkouts Full call number Barcode Date last seen Copy number Cost, replacement price Koha item type
    Dewey Decimal Classification   Not For Loan Non-fiction D.B.Act.Division D.B.Act.Division 31/03/2011 DBAD/PUB 250.00   621.38 BAN EN-85733 31/03/2011 1 250.00 English Books

© Delhi Public Library
Hit Counter
free hit counter